书目信息 |
| 题名: |
点评日语能力测试1级历年真题
|
|
| 作者: | 钱爱琴 , 方萍 编著 | |
| 分册: | ||
| 出版信息: | 天津 天津大学出版社 2010.05 |
|
| 页数: | 402页 | |
| 开本: | 26cm | |
| 丛书名: | ||
| 单 册: | ||
| 中图分类: | H369.6 | |
| 科图分类: | ||
| 主题词: | 日语--ri yu--水平考试--解题 | |
| 电子资源: | ||
| ISBN: | 978-7-5618-3300-1 | |
| 000 | 00959nam0 2200253 450 | |
| 001 | 012011454546 | |
| 005 | 20110428081153.43 | |
| 010 | @a978-7-5618-3300-1@dCNY39.80 (含光盘) | |
| 010 | @a978-7-900679-99-4@b光盘 | |
| 100 | @a20110428d2010 em y0chiy0120 ea | |
| 101 | 0 | @achi@ajpn |
| 102 | @aCN@b120000 | |
| 105 | @aa z 000yy | |
| 106 | @ar | |
| 200 | 1 | @a点评日语能力测试1级历年真题@Adian ping ri yu neng li ce shi 1 ji li nian zhen ti@e2001-2009年@f钱爱琴, 方萍编著@Fqian ai qin,fang ping bian zhu |
| 210 | @a天津@c天津大学出版社@d2010.05 | |
| 215 | @a402页@c图@d26cm@e光盘1片 | |
| 330 | @a本书将历年日语能力测试1级的真题按年份编排,其中每套真题又分三部分,第一部分是真题;第二部分是针对试题的详细解答和辨析;第三部分是参考答案。 | |
| 606 | 0 | @a日语@Ari yu@x水平考试@j解题 |
| 690 | @aH369.6@v4 | |
| 701 | 0 | @a钱爱琴@Aqian ai qin@4编著 |
| 701 | 0 | @a方萍@Afang ping@4编著 |
| 801 | 0 | @aCN@bQSSK@c20110428 |
| 905 | @b793198-200@dH369.6@eQ185@f3 | |
| 点评日语能力测试1级历年真题:2001-2009年/钱爱琴, 方萍编著.-天津:天津大学出版社,2010.05 |
| 402页:图;26cm+光盘1片 |
| ISBN 978-7-5618-3300-1:CNY39.80 (含光盘) |
| 本书将历年日语能力测试1级的真题按年份编排,其中每套真题又分三部分,第一部分是真题;第二部分是针对试题的详细解答和辨析;第三部分是参考答案。 |
| ● |
| 相关链接 |
|
|
|
正题名:点评日语能力测试1级历年真题
索取号:H369.6/Q185
 
预约/预借
| 序号 | 登录号 | 条形码 | 馆藏地/架位号 | 状态 | 备注 |
| 1 | 793198 | 207931988 | 语言库209/209语言库 132排2列1层/ [索取号:H369.6/Q185] | 在馆 | |
| 2 | 793199 | 207931997 | 语言库209/209语言库 132排2列1层/ [索取号:H369.6/Q185] | 在馆 | |
| 3 | 793200 | 207932004 | 语言库209/209语言库 132排2列1层/ [索取号:H369.6/Q185] | 在馆 |